000 00707cab a2200253 4500
001 ABS60486
008 090401t1999 xxu||||| |||| 00| 0 eng d
035 _a(Sirsi) u93006
041 _aeng
100 _aCohen, T.
245 4 _aThe drive towards a roads solution
260 _c1999
350 _a0
490 _aPlanning (for the Natural and Built Environment)
_v(1314) 16 April 1999, 18-19(4)
650 _aDETR
650 _aRESEARCH
650 _aPROPERTY-INFRASTRUCTURE-TRANSPORT INFRASTRUCTURE-ROAD INFRASTRUCTURE
650 _aSTUDIES
650 _aTRANSPORT POLICY
650 _aTRUNK ROADS
690 _aHIGHWAYS RIGHTS OF WAY AND EASEMENTS
942 _n0
948 _c27/04/1999
999 _c58944
_d58944